Management / (Record no. 8268)

MARC details
000 -LEADER
fixed length control field 01846nam a2200205 4500
020 ## - INTERNATIONAL STANDARD BOOK NUMBER
ISBN 9781408063859; 1408063859
020 ## - INTERNATIONAL STANDARD BOOK NUMBER
ISBN 9781285068657; 1285068653
050 ## - CALL NUMBER
Classification number HD31
Item number .D11
100 1# - AUTHOR
Personal name Daft, Richard L.
245 10 - TITLE
Title Management /
Statement of responsibility, etc Richard L. Daft and Alan Benson.
250 ## - EDITION
Edition statement 1st ed.; New EMEA ed
260 ## - PUBLICATION INFORMATION
Place of publication Andover, Hampshire, United Kingdom :
Name of publisher Cengage Learning EMEA,
Year of publication [2016] ©2016
300 ## - DESCRIPTION
Number of Pages xv, 587 pages :
Dimensions color illustrations ;
Other physical details 25 cm
500 ## - NOTES
General note "This work is adapted from Management 11th edition by Richard L. Daft published by South-Western Cengage Learning ©2014"--T.p. verso.<br/>Includes Index
505 ## - FORMATTED CONTENTS NOTE
Table of Content pt. 1 Introduction to Management --<br/>1.Innovative Management for a Changing World --<br/>Are You Ready to Be a Manager? --<br/>Why Innovative Management Matters --<br/>The Definition of Management --<br/>The Four Management Functions --<br/>Planning --<br/>Organizing --<br/>Leading --<br/>Controlling --<br/>Organizational Performance --<br/>Management Skills --<br/>Conceptual Skills --<br/>Human Skills --<br/>Technical Skills --<br/>When Skills Fail --<br/>Management Types --<br/>Vertical Differences --<br/>Horizontal Differences --<br/>What Is It Like to Be a Manager? --<br/>Making the Leap: Becoming a New Manager --<br/>Manager Activities --<br/>New Manager Self-Test --<br/>Manager Roles --<br/>Managing in Small Businesses and Nonprofit Organizations --<br/>State-of-the-Art Management Competencies --<br/>Discussion Questions --<br/>Apply Your Skills: Experiential Exercise --<br/>Apply Your Skills: Small Group Breakout --<br/>Apply Your Skills: Ethical Dilemma --<br/>Apply Your Skills: Case for Critical Analysis --<br/>On the Job Video Cases --<br/>Endnotes
650 #0 - SUBJECTS
Topical Term Industrial management -- Case studies. Management -- Case studies. Industrial management.
650 #0 - SUBJECTS
Topical Term Management -- Case studies.
General subdivision Industrial management.
700 1# - OTHER AUTHORS
Personal name Benson Alan.
942 ## - ADDED ENTRY ELEMENTS (KOHA)
Koha item type Books
Holdings
Withdrawn status Lost status Collection code Home library Current library Shelving location Date acquired Full call number Accession Number Koha item type
    Reference Methodist University Library Main Methodist University Library Main General Stacks 22/04/2022 HD31 .11 8595 Books
      Methodist University Library Main Methodist University Library Main General Stacks 22/04/2022 HD31 .11 8594 Books
      Methodist University Library Main Methodist University Library Main General Stacks 22/04/2022 HD31 .11 8593 Books
Copyright © 2026  MUG Library